| 000 | 00703nam a2200217 a 4500 | ||
|---|---|---|---|
| 005 | 20210223124510.0 | ||
| 008 | 011031s1997 r 000 0 eng d | ||
| 020 | _a9688134228 | ||
| 035 | _aUPN01000113678 | ||
| 049 | _aCG | ||
| 050 | 4 |
_aHD9734 M6 _bL3.2 |
|
| 100 | 1 |
_aLara Rivero, Arturo Angel _941506 |
|
| 245 | 1 | 0 |
_aCompetitividad, cambio tecnológico y demanda cualitativa de fuerza de trabajo en la maquiladora de exportación : _bel caso de... / _cArturo Angel Lara Rivero. |
| 260 |
_aMéxico : _bSTPS, _c1997. |
||
| 300 | _a159 p. | ||
| 440 | 0 |
_aCuaderno del trabajo ; _v13 |
|
| 651 | 4 |
_aMEXICO - _xMANUFACTURAS _98724 |
|
| 650 | 4 | _aMAQUILA | |
| 650 | 4 |
_aMANUFACTURAS _923779 |
|
| 905 | _aLibro | ||
| 999 |
_c87586 _d87586 |
||